Colectanea de Legislaçao Portuaria e Conexa de Angola vol I (Record no. 2176)
[ view plain ]
| 000 -Etiqueta do registo | |
|---|---|
| Campo de controlo de comprimento fixo | 00415 a2200145 4500 |
| 020 ## - ISBN (NÚMERO DE LIVRO PADRÃO INTERNACIONAL) | |
| ISBN | 978-989-761-629-7 |
| 040 ## - Fonte de Catalogação | |
| Agência de catalogação | Biblioteca Geral- Universidade Lusíada de Angola |
| 082 ## - DEWEY DECIMAL CLASSIFICATION NUMBER | |
| Classificador- CDU | 656.615 |
| 100 ## - Nome Pessoal | |
| 9 (RLIN) | 1002 |
| Autor | CORREIA,Mario, Gerson ,Felix;GUNZA ,Delcio ,Dorivaldo ,Domingos |
| 245 ## - Declaração de Título | |
| Título | Colectanea de Legislaȧo Portuaria e Conexa de Angola vol I |
| 260 ## - Publicação e Destribuíção | |
| Local de edição/distribuição | Luanda. |
| Editor/distribuidor | Mayamba Editora , |
| Data de edição/distribuição | 2025. |
| 300 ## - Descrição Física | |
| Nº Pág. | 688p |
| 650 ## - MATERIA | |
| MATERIA | Direito |
| 942 ## - - Elementos de entrada adicionados (koha) | |
| Tipo de documento | Livros |
| Withdrawn status | Lost status | Source of classification or shelving scheme | Damaged status | Not for loan | Permanent Location | Current Location | Date acquired | Inventory number | Total Checkouts | Full call number | Barcode | Date last seen | Price effective from | Koha item type |
|---|---|---|---|---|---|---|---|---|---|---|---|---|---|---|
| Dewey Decimal Classification | Biblioteca Geral- Universidade Lusíada de Angola | Biblioteca Geral- Universidade Lusíada de Angola | 19/03/2026 | 12(3) | 34.656.615 | 2026-0062 | 19/03/2026 | 19/03/2026 | Livros | |||||
| Dewey Decimal Classification | Biblioteca Geral- Universidade Lusíada de Angola | Biblioteca Geral- Universidade Lusíada de Angola | 19/03/2026 | 12(3) | 34.656.615 | 2026-0063 | 19/03/2026 | 19/03/2026 | Livros | |||||
| Dewey Decimal Classification | Biblioteca Geral- Universidade Lusíada de Angola | Biblioteca Geral- Universidade Lusíada de Angola | 19/03/2026 | 12(3) | 34.656.615 | 2026-0064 | 19/03/2026 | 19/03/2026 | Livros |
